000
00264nam a2200121Ia 4500
008
190216s9999||||xx |||||||||||||| ||und||
100
_a
Santhosh Ghanna
245
0
_a
Hindi-Santh Jon
260
_b
Bharath Jyothi
300
_a
184
650
_a
Hindi
942
_c
BK
999
_c
16373
_d
16373